书目信息 |
| 题名: |
煤层气藏工程原理
|
|
| 作者: | 赛德 著 ;石晓燕 译 | |
| 分册: | ||
| 出版信息: | 北京 石油工业出版社 2017 |
|
| 页数: | 350页 | |
| 开本: | 26cm | |
| 丛书名: | ||
| 单 册: | ||
| 中图分类: | P618.110.2 | |
| 科图分类: | ||
| 主题词: | 煤层--mei ceng--地下气化煤气--气藏工程 | |
| 电子资源: | ||
| ISBN: | 978-7-5183-1467-6 | |
| 000 | 01532nam0 2200337 450 | |
| 001 | 012001003795 | |
| 005 | 20131105164803.0 | |
| 010 | @a978-7-5183-1467-6@dCNY100.00 | |
| 099 | @aCAL 012017067018 | |
| 100 | @a20170203d2017 em y0chiy50 ea | |
| 101 | 1 | @achi@ceng |
| 102 | @aCN@b110000 | |
| 105 | @aak a 000yy | |
| 106 | @ar | |
| 200 | 1 | @a煤层气藏工程原理@Amei ceng qi cang gong cheng yuan li@f(美) John Seidle著@g石晓燕译 |
| 210 | @a北京@c石油工业出版社@d2017 | |
| 215 | @a350页@c图@d26cm | |
| 305 | @a本书经PennWell Corporation授权翻译出版,简体中文版权归石油工业出版社有限公司所有 | |
| 312 | @a英文并列题名取自封面 | |
| 314 | @a责任者Seidle汉译姓: 赛德取自在版编目数据 | |
| 314 | @a石晓燕,女,高级工程师,长期从事油气开发专业科研工作。利用业余时间已翻译、审译《石油阴谋》《共同财富》等作品多部。 | |
| 320 | @a有书目 | |
| 330 | @a本书概述了全球的煤炭资源和煤层气资源分布,介绍了煤岩学基础知识及其对煤层气开采的重要性,讨论了概率法煤层气储量计算和先导性试验机理,分析了煤层气储集及开采的物理问题,探讨了基本物质平衡方程、产量、负递减等问题。 | |
| 333 | @a本书可作为从事煤层气研究及生产的气藏工程师、采气工程师、操作技师、地质工作者、一线工人以及相关院校师生必备的参考读物。 | |
| 500 | 10 | @aFundamentals of coalbed methane reservoir engineering@mChinese |
| 606 | 0 | @a煤层@Amei ceng@x地下气化煤气@x气藏工程 |
| 690 | @aP618.110.2@v5 | |
| 701 | 1 | @a赛德@Asai de@g(Seidle, John)@4著 |
| 702 | 0 | @a石晓燕@Ashi xiao yan@4译 |
| 801 | 2 | @aCN@b上海新华@c20191020 |
| 905 | @b1206670-3@dP618.110.2@e131@f4 | |
| 煤层气藏工程原理/(美) John Seidle著/石晓燕译.-北京:石油工业出版社,2017 |
| 350页:图;26cm |
| 使用对象:本书可作为从事煤层气研究及生产的气藏工程师、采气工程师、操作技师、地质工作者、一线工人以及相关院校师生必备的参考读物。 |
| ISBN 978-7-5183-1467-6:CNY100.00 |
| 本书概述了全球的煤炭资源和煤层气资源分布,介绍了煤岩学基础知识及其对煤层气开采的重要性,讨论了概率法煤层气储量计算和先导性试验机理,分析了煤层气储集及开采的物理问题,探讨了基本物质平衡方程、产量、负递减等问题。 |
| ● |
| 相关链接 |
|
|
|
|
正题名:煤层气藏工程原理
索取号:P618.110.2/131
 
预约/预借
| 序号 | 登录号 | 条形码 | 馆藏地/架位号 | 状态 | 备注 |
| 1 | 1206670 | 212066707 | 第二样本阅览室/ [索取号:P618.110.2/131] | 在馆 | |
| 2 | 1206671 | 212066716 | 第三借阅区/ [索取号:P618.110.2/131] | 在馆 | |
| 3 | 1206672 | 212066725 | 第三借阅区/ [索取号:P618.110.2/131] | 在馆 | |
| 4 | 1206673 | 212066734 | 第三借阅区/ [索取号:P618.110.2/131] | 在馆 |